[Event "I Internacional Bahía Feliz 2011"]
[Site "C.C.Bahía Feliz(Gran Canaria)"]
[Date "2011.05.12"]
[Round "1.4"]
[White "Mateo, Ramon"]
[Black "Bromberger, Stefan"]
[Result "1-0"]
[WhiteElo "2422"]
[BlackElo "2505"]
[PlyCount "135"]
[EventDate "2011.05.12"]
[EventType "tourn"]
[EventRounds "9"]
[EventCountry "ESP"]
[EventCategory "12"]
[Source "Arranz,Pablo"]
[SourceDate "2011.05.12"]

1. e4 c5 2. Nf3 d6 3. d4 cxd4 4. Qxd4 Nc6 5. Bb5 Bd7 6. Bxc6 Bxc6 7. Nc3 Nf6 8.
Bg5 e6 9. O-O-O Be7 10. Rhe1 O-O 11. Kb1 Qc7 12. Qd2 Rfd8 13. Nd4 Rac8 14. f3
Be8 15. g4 Kh8 16. h4 Qa5 17. Nb3 Qa6 18. h5 h6 19. Be3 d5 20. e5 Nh7 21. f4
Rc4 22. Rg1 Rdc8 23. g5 hxg5 24. fxg5 Rh4 25. Rh1 Rxh1 26. Rxh1 Qc4 27. g6 fxg6
28. h6 gxh6 29. Bxh6 g5 30. Nd4 Bg6 31. Bxg5 Bxg5 32. Qxg5 Qf1+ 33. Rxf1 Nxg5
34. Rg1 Rg8 35. Kc1 Bh7 36. Ncb5 Nf7 37. Re1 a6 38. Nd6 Nd8 39. Rf1 Kg7 40. Rf6
Rf8 41. Nxe6+ Nxe6 42. Rxe6 d4 43. Re7+ Kg8 44. e6 Rf1+ 45. Kd2 Rf2+ 46. Ke1
Rf6 47. Nxb7 Bxc2 48. Nc5 Bg6 49. Rd7 Rf5 50. b4 Re5+ 51. Kd2 d3 52. Nxd3 Rxe6
53. Nc5 Rb6 54. Kc3 Bf7 55. a4 Rh6 56. Ra7 Rh3+ 57. Kd2 Rh2+ 58. Ke3 Rh3+ 59.
Kf2 Rh2+ 60. Kg3 Rb2 61. Rb7 a5 62. b5 Rc2 63. Rc7 Rc4 64. b6 Bd5 65. Nd7 Rxc7
66. bxc7 Bb7 67. Kf4 Kf7 68. Ke5 1-0

[Event "I Internacional Bahía Feliz 2011"]
[Site "C.C.Bahía Feliz(Gran Canaria)"]
[Date "2011.05.12"]
[Round "1.5"]
[White "Nyzhnyk, Illya"]
[Black "Hertneck, Gerald"]
[Result "1/2-1/2"]
[WhiteElo "2583"]
[BlackElo "2552"]
[PlyCount "138"]
[EventDate "2011.05.12"]
[EventType "tourn"]
[EventRounds "9"]
[EventCountry "ESP"]
[EventCategory "12"]
[Source "Arranz,Pablo"]
[SourceDate "2011.05.12"]

1. d4 d5 2. c4 c6 3. Nf3 Nf6 4. Nc3 dxc4 5. a4 Bf5 6. e3 e6 7. Bxc4 Bb4 8. O-O
Nbd7 9. Qe2 O-O 10. e4 Bg6 11. Bd3 Re8 12. e5 Nd5 13. Nxd5 exd5 14. Bxg6 hxg6
15. Qd3 Nf8 16. Be3 a5 17. g3 Qd7 18. Kg2 Qf5 19. Rfd1 Ne6 20. h4 Qxd3 21. Rxd3
f6 22. Rc1 Nd8 23. Bd2 Bxd2 24. Rxd2 Nf7 25. exf6 gxf6 26. Ne1 Nd6 27. Nd3 Nc4
28. Rdd1 Re4 29. Nc5 Re7 30. b3 Nd6 31. Nd3 Kf7 32. Rc2 Nf5 33. Nc1 Re4 34.
Rcd2 Ra6 35. Rd3 Rb6 36. Kf1 g5 37. hxg5 fxg5 38. Na2 Kg6 39. R1d2 g4 40. Rd1
Ra6 41. Nc3 Re7 42. Re1 Rxe1+ 43. Kxe1 Ra8 44. Kf1 Rh8 45. Kg2 Re8 46. Kf1 Kg5
47. Rd1 Re6 48. Rd3 Nd6 49. Rd1 Ne4 50. Nxe4+ Rxe4 51. Rd3 Kf5 52. f3 gxf3 53.
Rxf3+ Ke6 54. Rd3 b6 55. Kf2 Kd6 56. Kf3 c5 57. dxc5+ bxc5 58. g4 Rb4 59. g5
Ke5 60. Rc3 Kd4 61. Re3 Rb8 62. Ke2 c4 63. bxc4 Rb2+ 64. Kf3 Kxc4 65. g6 Rb6
66. g7 Rg6 67. Re7 Kb4 68. Kf4 Kxa4 69. Ke5 Kb3 1/2-1/2

[Event "I Internacional Bahía Feliz 2011"]
[Site "C.C.Bahía Feliz(Gran Canaria)"]
[Date "2011.05.13"]
[Round "2.1"]
[White "Mecking, Henrique"]
[Black "Hertneck, Gerald"]
[Result "1/2-1/2"]
[WhiteElo "2577"]
[BlackElo "2552"]
[PlyCount "61"]
[EventDate "2011.05.12"]
[EventType "tourn"]
[EventRounds "9"]
[EventCountry "ESP"]
[EventCategory "12"]
[Source "Arranz,Pablo"]
[SourceDate "2011.05.12"]

1. d4 d5 2. c4 c6 3. e3 e6 4. Nf3 Bd6 5. b3 f5 6. Be2 Nf6 7. O-O Qe7 8. Bb2 O-O
9. Qc1 Bd7 10. Ba3 Be8 11. Ne5 Nbd7 12. Nxd7 Qxd7 13. Bxd6 Qxd6 14. Qa3 Qc7 15.
Nd2 f4 16. exf4 Qxf4 17. Nf3 Bh5 18. Qb2 Rad8 19. Rad1 Ne4 20. Rd3 Nd6 21. c5
Nf7 22. Re3 Rde8 23. Ne5 Bxe2 24. Rxe2 Nxe5 25. Rxe5 Rf5 26. Rfe1 Ref8 27. Rxf5
Qxf5 28. Re3 Rf6 29. f3 Qf4 30. Qc3 h5 31. g3 1/2-1/2

[Event "I Internacional Bahía Feliz 2011"]
[Site "C.C.Bahía Feliz(Gran Canaria)"]
[Date "2011.05.13"]
[Round "2.2"]
[White "Bromberger, Stefan"]
[Black "Nyzhnyk, Illya"]
[Result "0-1"]
[WhiteElo "2505"]
[BlackElo "2583"]
[PlyCount "64"]
[EventDate "2011.05.12"]
[EventType "tourn"]
[EventRounds "9"]
[EventCountry "ESP"]
[EventCategory "12"]
[Source "Arranz,Pablo"]
[SourceDate "2011.05.12"]

1. d4 Nf6 2. c4 g6 3. Nc3 Bg7 4. e4 d6 5. f4 O-O 6. Nf3 e5 7. fxe5 dxe5 8. d5
Na6 9. Bd3 Nc5 10. Bg5 Qd6 11. Bc2 a5 12. O-O h6 13. Bd2 c6 14. Kh1 Bd7 15. Qe1
cxd5 16. cxd5 b5 17. Qh4 h5 18. b4 axb4 19. Ne2 Na6 20. Bg5 Rfe8 21. Nxe5 Qxe5
22. Bxf6 Bxf6 23. Qxf6 Qxf6 24. Rxf6 Nc5 25. Raf1 Rxa2 26. Nd4 Rxc2 27. Nxc2 b3
28. Na3 Nxe4 29. Rxf7 b4 30. Rxd7 bxa3 31. d6 b2 32. Rb7 Nxd6 0-1

[Event "I Internacional Bahía Feliz 2011"]
[Site "C.C.Bahía Feliz(Gran Canaria)"]
[Date "2011.05.13"]
[Round "2.3"]
[White "Ragger, Markus"]
[Black "Mateo, Ramon"]
[Result "1-0"]
[WhiteElo "2674"]
[BlackElo "2422"]
[PlyCount "57"]
[EventDate "2011.05.12"]
[EventType "tourn"]
[EventRounds "9"]
[EventCountry "ESP"]
[EventCategory "12"]
[Source "Arranz,Pablo"]
[SourceDate "2011.05.12"]

1. d4 Nf6 2. c4 e6 3. Nf3 c5 4. d5 b5 5. Bg5 d6 6. dxe6 Bxe6 7. cxb5 Be7 8. Nc3
O-O 9. e3 a6 10. Be2 axb5 11. Nxb5 Qa5+ 12. Nd2 Nc6 13. O-O d5 14. a4 Rfd8 15.
Qc2 Nb4 16. Qc1 Rac8 17. Rd1 Bf5 18. e4 dxe4 19. Nc4 Qa6 20. Nbd6 Bxd6 21. Nxd6
Qxe2 22. Nxf5 Ra8 23. Bxf6 gxf6 24. Re1 Qd2 25. Qxd2 Rxd2 26. Rxe4 Rxb2 27. h3
h5 28. Ra3 Rd8 29. Rg3+ 1-0

[Event "I Internacional Bahía Feliz 2011"]
[Site "C.C.Bahía Feliz(Gran Canaria)"]
[Date "2011.05.14"]
[Round "3.1"]
[White "Vega Gutierrez, Sabrina Neide"]
[Black "Mecking, Henrique"]
[Result "0-1"]
[WhiteElo "2306"]
[BlackElo "2577"]
[PlyCount "78"]
[EventDate "2011.05.12"]
[EventType "tourn"]
[EventRounds "9"]
[EventCountry "ESP"]
[EventCategory "12"]
[Source "Arranz,Pablo"]
[SourceDate "2011.05.12"]

1. e4 c5 2. Nf3 Nc6 3. d4 cxd4 4. Nxd4 Nf6 5. Nc3 d6 6. Bc4 e6 7. Be3 Be7 8.
Qe2 a6 9. Bb3 Na5 10. g4 Nxb3 11. axb3 g6 12. O-O-O e5 13. Nf5 gxf5 14. exf5 h6
15. f4 Qa5 16. Kb1 Bd7 17. g5 hxg5 18. fxg5 Bc6 19. gxf6 Bxf6 20. Rxd6 Bxh1 21.
Rxf6 Qd8 22. Rb6 Bc6 23. Bc5 Qc7 24. Qd2 f6 25. Nd5 O-O-O 26. Nxc7 Rxd2 27.
Nxa6 Rhxh2 28. Nb4 Rh1+ 29. Ka2 Rdd1 30. Ka3 Ra1+ 31. Na2 Kc7 32. Rb4 Rh8 33.
Bb6+ Kd6 34. Rg4 Ra8+ 35. Kb4 R1xa2 36. Rg6 Kd5 37. Rxf6 Ke4 38. Rf7 Rxb2 39.
c4 Ba4 0-1

[Event "I Internacional Bahía Feliz 2011"]
[Site "C.C.Bahía Feliz(Gran Canaria)"]
[Date "2011.05.14"]
[Round "3.4"]
[White "Nyzhnyk, Illya"]
[Black "Ragger, Markus"]
[Result "1/2-1/2"]
[WhiteElo "2583"]
[BlackElo "2674"]
[PlyCount "63"]
[EventDate "2011.05.12"]
[EventType "tourn"]
[EventRounds "9"]
[EventCountry "ESP"]
[EventCategory "12"]
[Source "Arranz,Pablo"]
[SourceDate "2011.05.12"]

1. d4 d5 2. c4 c6 3. Nf3 Nf6 4. Nc3 e6 5. g3 Nbd7 6. Bg2 dxc4 7. e4 Be7 8. O-O
O-O 9. Bf4 Re8 10. Re1 a5 11. a4 b6 12. d5 exd5 13. exd5 Bb7 14. Ng5 cxd5 15.
Nxd5 Bxd5 16. Bxd5 Nxd5 17. Qxd5 Bxg5 18. Bxg5 Qc8 19. Rac1 Nc5 20. Re7 Rxe7
21. Bxe7 Nxa4 22. Rxc4 Nc5 23. Bxc5 bxc5 24. Rxc5 Qe8 25. Kg2 a4 26. Rc4 h6 27.
Re4 Qf8 28. Qc6 a3 29. bxa3 Qxa3 30. Re8+ Rxe8 31. Qxe8+ Qf8 32. Qe4 1/2-1/2

[Event "I Internacional Bahía Feliz 2011"]
[Site "C.C.Bahía Feliz(Gran Canaria)"]
[Date "2011.05.14"]
[Round "3.5"]
[White "Hertneck, Gerald"]
[Black "Bromberger, Stefan"]
[Result "1-0"]
[WhiteElo "2552"]
[BlackElo "2505"]
[PlyCount "57"]
[EventDate "2011.05.12"]
[EventType "tourn"]
[EventRounds "9"]
[EventCountry "ESP"]
[EventCategory "12"]
[Source "Arranz,Pablo"]
[SourceDate "2011.05.12"]

1. c4 Nf6 2. Nc3 g6 3. e4 d6 4. d4 Bg7 5. f3 O-O 6. Be3 c5 7. Nge2 Nc6 8. Qd2
Qa5 9. O-O-O b6 10. Kb1 Ba6 11. b3 e6 12. d5 exd5 13. Nxd5 Qxd2 14. Nxf6+ Bxf6
15. Bxd2 b5 16. Bc3 Be7 17. cxb5 Bxb5 18. Nf4 Rab8 19. Ka1 f5 20. Bxb5 Rxb5 21.
Nd5 Bd8 22. exf5 Rxf5 23. Rhe1 Kf7 24. Ne3 Bf6 25. Bxf6 Rxf6 26. Nd5 Nb4 27.
Nxf6 Nc2+ 28. Kb2 Nxe1 29. Ne4 1-0

[Event "I Internacional Bahía Feliz 2011"]
[Site "C.C.Bahía Feliz(Gran Canaria)"]
[Date "2011.05.15"]
[Round "4.1"]
[White "Mecking, Henrique"]
[Black "Bromberger, Stefan"]
[Result "0-1"]
[WhiteElo "2577"]
[BlackElo "2505"]
[PlyCount "122"]
[EventDate "2011.05.12"]
[EventType "tourn"]
[EventRounds "9"]
[EventCountry "ESP"]
[EventCategory "12"]
[Source "Arranz,Pablo"]
[SourceDate "2011.05.12"]

1. d4 Nf6 2. c4 g6 3. Nc3 Bg7 4. e4 d6 5. f3 O-O 6. Bg5 c5 7. d5 e6 8. Nge2
exd5 9. Nxd5 Nc6 10. Qd2 Be6 11. Nec3 Bxd5 12. cxd5 Nd4 13. Bd3 a6 14. O-O b5
15. Ne2 Nxe2+ 16. Bxe2 Qc7 17. Rac1 Nd7 18. f4 Rfe8 19. Bf3 c4 20. Kh1 Qc5 21.
Rfd1 b4 22. Qc2 Rac8 23. Bg4 Qa7 24. Qa4 Nc5 25. Qxb4 f5 26. Qxc4 Nxe4 27. Qxe4
fxe4 28. Bxc8 h6 29. Bh4 Bxb2 30. Rc2 Bd4 31. Be6+ Kg7 32. Rc4 Bf6 33. Bxf6+
Kxf6 34. Rxe4 Qf2 35. a4 Qc2 36. Ree1 Qxa4 37. Ra1 Qd4 38. Red1 Qa7 39. h3 a5
40. Ra4 Rb8 41. Rda1 Rb5 42. Kh2 Qc7 43. R4a2 Qc3 44. Ra3 Qd2 45. Bg4 Rxd5 46.
Ra4 Qc3 47. Bf3 Rb5 48. Rd1 Qc7 49. Rad4 Rb6 50. R1d3 h5 51. Bd5 Rb4 52. Rxb4
axb4 53. Kg3 Qc2 54. Rf3 Qd2 55. Bb3 d5 56. Kh2 d4 57. Bc4 Qc2 58. Bd3 Qc3 59.
Rg3 h4 60. Rxg6+ Kf7 61. Rd6 b3 0-1

[Event "I Internacional Bahía Feliz 2011"]
[Site "C.C.Bahía Feliz(Gran Canaria)"]
[Date "2011.05.15"]
[Round "4.2"]
[White "Ragger, Markus"]
[Black "Hertneck, Gerald"]
[Result "1/2-1/2"]
[WhiteElo "2674"]
[BlackElo "2552"]
[PlyCount "115"]
[EventDate "2011.05.12"]
[EventType "tourn"]
[EventRounds "9"]
[EventCountry "ESP"]
[EventCategory "12"]
[Source "Arranz,Pablo"]
[SourceDate "2011.05.12"]

1. c4 e5 2. g3 Nf6 3. Bg2 d5 4. cxd5 Nxd5 5. Nc3 Nb6 6. Nf3 Nc6 7. O-O Be7 8.
a3 O-O 9. b4 Re8 10. Rb1 Bf8 11. d3 Nd4 12. Nd2 c6 13. e3 Nb5 14. Qc2 Nxc3 15.
Qxc3 Bf5 16. Ne4 Qd7 17. Rd1 Bh3 18. Nc5 Bxc5 19. Bxh3 Qxh3 20. bxc5 Nd5 21.
Qc2 f5 22. e4 f4 23. f3 Nc7 24. gxf4 Qxf3 25. Rf1 Qg4+ 26. Kh1 exf4 27. Bxf4
Ne6 28. Bd6 Qh3 29. Rf2 b5 30. cxb6 axb6 31. Rxb6 c5 32. a4 Qe3 33. Bg3 c4 34.
Rxe6 Rxe6 35. Qxc4 Qb6 36. Rf5 Qa6 37. Qb3 Kh8 38. a5 h6 39. Rb5 Rf8 40. Kg2
Qc6 41. Qb2 Qe8 42. Rb8 Qf7 43. Rxf8+ Qxf8 44. Qb5 Qc8 45. Qb8 Qxb8 46. Bxb8
Kg8 47. Kf3 Kf7 48. e5 Ra6 49. Bc7 Rc6 50. Bb6 Rc2 51. h4 Ke6 52. d4 Kf5 53. a6
Rc3+ 54. Kg2 Ra3 55. a7 g5 56. Bc5 Ra2+ 57. Kg3 Ra6 58. h5 1/2-1/2

[Event "I Internacional Bahía Feliz 2011"]
[Site "C.C.Bahía Feliz(Gran Canaria)"]
[Date "2011.05.15"]
[Round "4.5"]
[White "Vega Gutierrez, Sabrina Neide"]
[Black "Kindermann, Stefan"]
[Result "1/2-1/2"]
[WhiteElo "2306"]
[BlackElo "2515"]
[PlyCount "78"]
[EventDate "2011.05.12"]
[EventType "tourn"]
[EventRounds "9"]
[EventCountry "ESP"]
[EventCategory "12"]
[Source "Arranz,Pablo"]
[SourceDate "2011.05.12"]

1. e4 e6 2. d4 d5 3. Nd2 Be7 4. Ngf3 Nf6 5. e5 Nfd7 6. c3 c5 7. Bd3 b6 8. O-O
Ba6 9. Bxa6 Nxa6 10. c4 Nc7 11. cxd5 Nxd5 12. Ne4 O-O 13. Bg5 cxd4 14. Qxd4 Nc5
15. Bxe7 Qxe7 16. Nxc5 bxc5 17. Qe4 Rab8 18. b3 Rb4 19. Qc2 Rc8 20. Rac1 h6 21.
Rfe1 a5 22. Re4 Qb7 23. Nd2 a4 24. Nc4 axb3 25. axb3 Ra8 26. g3 Rxb3 27. Nd6
Qb6 28. Qxc5 Rb1 29. Rec4 Qb2 30. Rxb1 Qxb1+ 31. Rc1 Qb2 32. Re1 Qd2 33. Qc1
Qd3 34. Qc6 Rb8 35. Ra1 Qd4 36. Ra8 Qd1+ 37. Kg2 Ne3+ 38. fxe3 Qe2+ 39. Kg1
Qe1+ 1/2-1/2

[Event "I Internacional Bahía Feliz 2011"]
[Site "C.C.Bahía Feliz(Gran Canaria)"]
[Date "2011.05.16"]
[Round "5.2"]
[White "Mateo, Ramon"]
[Black "Vega Gutierrez, Sabrina Neide"]
[Result "0-1"]
[WhiteElo "2422"]
[BlackElo "2306"]
[PlyCount "96"]
[EventDate "2011.05.12"]
[EventType "tourn"]
[EventRounds "9"]
[EventCountry "ESP"]
[EventCategory "12"]
[Source "Arranz,Pablo"]
[SourceDate "2011.05.12"]

1. d4 d5 2. c4 e6 3. Nf3 c6 4. Qc2 Nf6 5. g3 dxc4 6. Qxc4 b5 7. Qc2 Bb7 8. Bg2
Nbd7 9. a4 a6 10. O-O c5 11. axb5 Be4 12. Qd1 axb5 13. Rxa8 Bxa8 14. Na3 Qb6
15. Qb3 Bc6 16. dxc5 Bxc5 17. Ne1 Bxg2 18. Kxg2 b4 19. Nac2 O-O 20. Nd3 Rb8 21.
Bf4 Bd6 22. Bxd6 Qxd6 23. Ne3 Nc5 24. Nxc5 Qxc5 25. Rd1 g6 26. Rd2 h5 27. Rc2
Qd6 28. Qc4 Rd8 29. b3 Qd4 30. Qc7 Ng4 31. Nxg4 hxg4 32. Qb7 Rd5 33. Rc8+ Kg7
34. Rc4 Qd2 35. Rf4 Rf5 36. Qxb4 Qxe2 37. Rxf5 gxf5 38. Qd4+ e5 39. Qe3 Qb5 40.
Kg1 Qd5 41. Qe1 f4 42. gxf4 exf4 43. Qc3+ Kg6 44. Qc2+ Kg7 45. b4 Qd4 46. Qe2
f3 47. Qe1 Qb2 48. h3 g3 $138 {Tiempo / time} 0-1

[Event "I Internacional Bahía Feliz 2011"]
[Site "C.C.Bahía Feliz(Gran Canaria)"]
[Date "2011.05.16"]
[Round "5.5"]
[White "Bromberger, Stefan"]
[Black "Ragger, Markus"]
[Result "1-0"]
[WhiteElo "2505"]
[BlackElo "2674"]
[PlyCount "115"]
[EventDate "2011.05.12"]
[EventType "tourn"]
[EventRounds "9"]
[EventCountry "ESP"]
[EventCategory "12"]
[Source "Arranz,Pablo"]
[SourceDate "2011.05.12"]

1. d4 Nf6 2. c4 e6 3. Nf3 d5 4. Nc3 dxc4 5. e4 Bb4 6. Bg5 h6 7. Bxf6 Qxf6 8.
Bxc4 c5 9. O-O cxd4 10. e5 Qd8 11. Ne4 O-O 12. Qe2 Qb6 13. Ng3 Bd7 14. a3 Be7
15. Rad1 Rd8 16. Rxd4 Bc6 17. Rg4 Bf8 18. Nh5 Kh8 19. Rg3 Na6 20. Ng5 Qc7 21.
Qc2 g6 22. Nxe6 Qxe5 23. Nxd8 Rxd8 24. Bxa6 Qxh5 25. Be2 Qe5 26. Re3 Qg5 27.
Bf3 Bc5 28. h4 Qf5 29. Qxf5 gxf5 30. Re5 Bxf3 31. Rxc5 Rg8 32. g3 Be4 33. f3
Bd3 34. Rd1 Be2 35. Re1 Bxf3 36. Rxf5 Bc6 37. Kf2 Kg7 38. Re7 Rf8 39. h5 a6 40.
Ke3 Kg8 41. b4 Bg2 42. a4 Bc6 43. b5 axb5 44. axb5 Bh1 45. Rfe5 Kg7 46. Re8
Rxe8 47. Rxe8 Kf6 48. Kf4 Bd5 49. Rh8 Kg7 50. Rd8 Bg2 51. b6 Bc6 52. Rd6 Bg2
53. g4 Bh1 54. g5 hxg5+ 55. Kxg5 Be4 56. h6+ Kh7 57. Rd7 Kg8 58. Kf6 1-0

[Event "I Internacional Bahía Feliz 2011"]
[Site "C.C.Bahía Feliz(Gran Canaria)"]
[Date "2011.05.18"]
[Round "6.1"]
[White "Mecking, Henrique"]
[Black "Ragger, Markus"]
[Result "1/2-1/2"]
[WhiteElo "2577"]
[BlackElo "2674"]
[PlyCount "92"]
[EventDate "2011.05.12"]
[EventType "tourn"]
[EventRounds "9"]
[EventCountry "ESP"]
[EventCategory "12"]
[Source "Arranz,Pablo"]
[SourceDate "2011.05.12"]

1. d4 d5 2. c4 e6 3. Nc3 c6 4. e4 dxe4 5. Nxe4 Bb4+ 6. Nc3 e5 7. Be3 Ne7 8.
dxe5 Qa5 9. Bd2 Qxe5+ 10. Be2 Bg4 11. h3 Bxe2 12. Qxe2 Nd7 13. Nf3 Qxe2+ 14.
Nxe2 Bxd2+ 15. Kxd2 O-O-O 16. Kc2 Ng6 17. Rad1 Rhe8 18. Nc3 Nde5 19. Nxe5 Rxe5
20. Rxd8+ Kxd8 21. Rd1+ Kc7 22. g3 h5 23. h4 a5 24. b3 Ne7 25. Rd4 f6 26. Re4
Rxe4 27. Nxe4 b6 28. Kd3 Kd7 29. c5 b5 30. a4 Ke6 31. axb5 cxb5 32. Nd6 Kd5 33.
Nxb5 Kxc5 34. Nd4 Kd5 35. Ne2 Ng6 36. Ke3 Kc5 37. Kd3 Ne5+ 38. Kc3 g5 39. hxg5
fxg5 40. f4 Nf3 41. fxg5 Nxg5 42. Kb2 Ne4 43. Ka3 Kb5 44. Nd4+ Kc5 45. Ne2 Kb5
46. Nd4+ Kc5 1/2-1/2

[Event "I Internacional Bahía Feliz 2011"]
[Site "C.C.Bahía Feliz(Gran Canaria)"]
[Date "2011.05.18"]
[Round "6.3"]
[White "Granda Zuniga, Julio E"]
[Black "Hertneck, Gerald"]
[Result "1-0"]
[WhiteElo "2614"]
[BlackElo "2552"]
[PlyCount "159"]
[EventDate "2011.05.12"]
[EventType "tourn"]
[EventRounds "9"]
[EventCountry "ESP"]
[EventCategory "12"]
[Source "Arranz,Pablo"]
[SourceDate "2011.05.12"]

1. Nf3 Nf6 2. g3 g6 3. Bg2 d5 4. c4 c6 5. b3 Bg7 6. Bb2 O-O 7. O-O a5 8. d3 Na6
9. a3 Bg4 10. Nbd2 Qc8 11. Rc1 Nc7 12. Qc2 Bh3 13. cxd5 Nfxd5 14. Bxg7 Kxg7 15.
e4 Bxg2 16. Kxg2 Nf6 17. d4 Ne6 18. Nc4 Rd8 19. Rfd1 Nf4+ 20. Kg1 Qh3 21. Ne1
Ne6 22. Qb2 Kg8 23. f3 Qh6 24. Nc2 a4 25. b4 Nc7 26. Rd3 Nfe8 27. Rcd1 Qg7 28.
N2e3 Nb5 29. d5 Qxb2 30. Nxb2 Rdc8 31. e5 cxd5 32. Nxd5 Rc2 33. Nb6 Ra6 34.
N2xa4 Nec7 35. R1d2 Rxd2 36. Rxd2 Nxa3 37. Rd7 Nab5 38. Rxe7 Kf8 39. Rd7 Ke8
40. e6 Nxe6 41. Rxb7 Nd8 42. Rb8 Nd4 43. Rc8 Nxf3+ 44. Kf2 Ne5 45. b5 Ra7 46.
Nc3 Rb7 47. Ncd5 f5 48. Ke3 Nef7 49. Kd4 Kf8 50. Kc5 Kg7 51. Nc7 Ra7 52. Nc4
Ra2 53. Ne8+ Kh6 54. Ned6 Ne6+ 55. Kd5 Nfd8 56. b6 Ra1 57. Nf7+ Nxf7 58. Kxe6
Ng5+ 59. Kd5 Rb1 60. Kc6 Ne6 61. b7 Nd4+ 62. Kc7 Ne6+ 63. Kd6 Rxb7 64. Kxe6 Kg5
65. Nd6 Rb6 66. Rc4 Kh6 67. Ke7 Kg7 68. Ne8+ Kg8 69. Rc8 f4 70. gxf4 Rb4 71. f5
gxf5 72. Kf6 h5 73. Nd6+ Kh7 74. Rc7+ Kg8 75. Nxf5 h4 76. Rg7+ Kh8 77. Rg6 Rb6+
78. Kg5 Rxg6+ 79. Kxg6 h3 80. Nd4 1-0

[Event "I Internacional Bahía Feliz 2011"]
[Site "C.C.Bahía Feliz(Gran Canaria)"]
[Date "2011.05.18"]
[Round "6.4"]
[White "Vega Gutierrez, Sabrina Neide"]
[Black "Nyzhnyk, Illya"]
[Result "0-1"]
[WhiteElo "2306"]
[BlackElo "2583"]
[PlyCount "76"]
[EventDate "2011.05.12"]
[EventType "tourn"]
[EventRounds "9"]
[EventCountry "ESP"]
[EventCategory "12"]
[Source "Arranz,Pablo"]
[SourceDate "2011.05.12"]

1. e4 c5 2. Nf3 d6 3. d4 cxd4 4. Nxd4 Nf6 5. Nc3 a6 6. Be2 e5 7. Nb3 Be7 8. O-O
O-O 9. a4 Nc6 10. Bf3 Nb4 11. Re1 Be6 12. Nd5 Nbxd5 13. exd5 Bf5 14. a5 Rc8 15.
c3 Qd7 16. Nd2 Qc7 17. c4 Qc5 18. b3 Nd7 19. Be4 Bxe4 20. Nxe4 Qc7 21. Be3 f5
22. Bg5 Qd8 23. Bxe7 Qxe7 24. Nd2 Qf6 25. b4 e4 26. Qb3 Ne5 27. Ra3 Nd3 28. Rf1
Qg5 29. Ra2 Rf6 30. c5 dxc5 31. d6+ Rf7 32. bxc5 Nxc5 33. Qd5 Nd3 34. Nxe4
Qxg2+ 35. Kxg2 Nf4+ 36. Kh1 Nxd5 37. Rd1 Nf4 38. d7 Rxd7 0-1

[Event "I Internacional Bahía Feliz 2011"]
[Site "C.C.Bahía Feliz(Gran Canaria)"]
[Date "2011.05.19"]
[Round "7.1"]
[White "Mateo, Ramon"]
[Black "Mecking, Henrique"]
[Result "0-1"]
[WhiteElo "2422"]
[BlackElo "2577"]
[PlyCount "154"]
[EventDate "2011.05.12"]
[EventType "tourn"]
[EventRounds "9"]
[EventCountry "ESP"]
[EventCategory "12"]
[Source "Arranz,Pablo"]
[SourceDate "2011.05.12"]

1. e4 c5 2. Nf3 d6 3. d4 cxd4 4. Qxd4 a6 5. c4 Nc6 6. Qd2 g6 7. Nc3 Bh6 8. Qc2
Bg7 9. h3 Nf6 10. Be2 O-O 11. Be3 Bd7 12. O-O Rc8 13. Rfd1 Qa5 14. a3 Ne5 15.
Nxe5 Qxe5 16. Bd4 Qg5 17. Be3 Qa5 18. Qd2 Rfe8 19. f3 Be6 20. Nd5 Qxd2 21. Rxd2
Nxd5 22. exd5 Bd7 23. Rc1 b5 24. c5 dxc5 25. Rxc5 Bh6 26. Bxh6 Rxc5 27. Be3
Rc1+ 28. Kf2 Rec8 29. d6 R1c2 30. dxe7 Rxd2 31. Bxd2 f6 32. Bd3 Kf7 33. Bb4 Bf5
34. Be2 Rc2 35. Ke3 Rxb2 36. g4 Bd7 37. h4 a5 38. Bxa5 Kxe7 39. Bb4+ Ke6 40. h5
gxh5 41. gxh5 Be8 42. h6 Rb3+ 43. Kd4 Rb1 44. Bd3 Rd1 45. Ke3 Rh1 46. Bxh7 Rxh6
47. Bd3 Bc6 48. Bf8 Rh3 49. Be2 Rh1 50. Bb4 Rb1 51. Bd3 Rd1 52. Be2 Rd8 53. Bf1
Kd5 54. Bd3 Re8+ 55. Kf4 Kd4 56. Bf5 Kc4 57. Bg4 Kb3 58. Bh5 Re5 59. Bf7+ Bd5
60. Bg6 Bc6 61. Bf7+ Kb2 62. Bd6 Re1 63. Bc5 Rf1 64. Bh5 Bd7 65. Bg6 Bc6 66.
Bh5 Kb3 67. Ke3 Re1+ 68. Kd4 Re5 69. Bf7+ Ka4 70. Bd6 Re2 71. f4 Rd2+ 72. Kc5
Be4 73. Bg8 Kxa3 74. Be7 b4 75. Kb5 Rd4 76. Bxf6 Bd3+ 77. Ka5 Rd6 0-1

[Event "I Internacional Bahía Feliz 2011"]
[Site "C.C.Bahía Feliz(Gran Canaria)"]
[Date "2011.05.19"]
[Round "7.2"]
[White "Nyzhnyk, Illya"]
[Black "Kindermann, Stefan"]
[Result "1-0"]
[WhiteElo "2583"]
[BlackElo "2515"]
[PlyCount "107"]
[EventDate "2011.05.12"]
[EventType "tourn"]
[EventRounds "9"]
[EventCountry "ESP"]
[EventCategory "12"]
[Source "Arranz,Pablo"]
[SourceDate "2011.05.12"]

1. d4 d5 2. c4 c6 3. Nf3 Nf6 4. Nc3 dxc4 5. a4 Bf5 6. e3 e6 7. Bxc4 Bb4 8. O-O
O-O 9. Qe2 Bg6 10. Ne5 Nbd7 11. Nxg6 hxg6 12. Na2 Be7 13. Rd1 Qc7 14. Bd2 e5
15. a5 Bd6 16. h3 exd4 17. exd4 Rae8 18. Qd3 Ne4 19. Be1 Kh8 20. a6 b5 21. Bb3
Ndf6 22. Nc3 Qb6 23. Nxe4 Nxe4 24. Qc2 Re7 25. Rac1 Qxa6 26. Qxc6 Qxc6 27. Rxc6
Rd7 28. f3 Nf6 29. Rxd6 Rxd6 30. Bb4 Rfd8 31. Bxd6 Rxd6 32. Bxf7 g5 33. Kf2 Nd5
34. Bxd5 Rxd5 35. Ke3 a5 36. Rc1 Rd8 37. Rc5 Rb8 38. Rxg5 a4 39. Kd2 Kg8 40.
Re5 Kf7 41. g4 Rh8 42. Rxb5 Rxh3 43. Ke3 Rh2 44. Rb4 g5 45. Ke4 Re2+ 46. Kf5
Re3 47. Kxg5 Rxf3 48. Rxa4 Rb3 49. d5 Rxb2 50. Rd4 Ke7 51. d6+ Kd7 52. Kh6 Rh2+
53. Kg6 Rh4 54. Kg7 1-0

[Event "I Internacional Bahía Feliz 2011"]
[Site "C.C.Bahía Feliz(Gran Canaria)"]
[Date "2011.05.19"]
[Round "7.3"]
[White "Hertneck, Gerald"]
[Black "Vega Gutierrez, Sabrina Neide"]
[Result "1-0"]
[WhiteElo "2552"]
[BlackElo "2306"]
[PlyCount "49"]
[EventDate "2011.05.12"]
[EventType "tourn"]
[EventRounds "9"]
[EventCountry "ESP"]
[EventCategory "12"]
[Source "Arranz,Pablo"]
[SourceDate "2011.05.12"]

1. c4 e6 2. g3 d5 3. Bg2 Nf6 4. Nf3 dxc4 5. Qa4+ Nbd7 6. Qxc4 a6 7. Qc2 Rb8 8.
O-O b5 9. Nd4 Ne5 10. Nb3 Bb7 11. Bxb7 Rxb7 12. d4 Ned7 13. e4 Qa8 14. Bf4 Rb8
15. N1d2 Rc8 16. a4 b4 17. Rac1 Be7 18. Qc6 Qxc6 19. Rxc6 Nb8 20. Rxc7 Rxc7 21.
Bxc7 Kd7 22. Rc1 Nc6 23. Bf4 h6 24. Nc4 g5 25. Be5 1-0